Statistiques concernant Pays du monde avec une carte vierge - 3 minute sprint

Cliquez ici pour prendre le quiz!

Statistiques générales

  • Ce quiz a été pris 1 475 fois
  • Le résultat moyen est 71 sur 196

Réponses sur la Carte

Les réponses sont colorées sur une échelle allant du rouge au vert en fonction du pourcentage des utilisateurs qui les ont devinées à leur premier essai. Vous pouvez retrouver ces pourcentages ci-dessous.
 

Statistiques - réponses

pays% Correct
France
88%
Canada
85%
Russie
85%
Espagne
82%
Etats-Unis
82%
Brésil
81%
Mexique
80%
Chine
78%
Argentine
77%
Allemagne
76%
Italie
76%
Portugal
72%
Chili
69%
Suède
69%
Inde
68%
Algérie
67%
Australie
67%
Japon
66%
Suisse
66%
Pologne
64%
Colombie
63%
Finlande
63%
Irlande
63%
Maroc
63%
Pérou
63%
Royaume-Uni
63%
Bolivie
60%
Islande
59%
Norvège
59%
Ukraine
58%
Iran
57%
Panama
57%
Grèce
56%
Mongolie
56%
Turquie
56%
Uruguay
56%
Autriche
54%
Irak
54%
Venezuela
54%
Égypte
53%
Paraguay
53%
Belgique
51%
Danemark
51%
Libye
51%
Tunisie
51%
Équateur
48%
Mali
48%
Indonésie
47%
Lettonie
46%
Roumanie
46%
Afrique du Sud
45%
Andorre
45%
Congo
45%
Estonie
45%
Rép dém du Congo
45%
Costa Rica
44%
Cuba
44%
Honduras
44%
Lituanie
44%
Pakistan
44%
Belize
43%
Kazakhstan
43%
Niger
43%
Pays-Bas
43%
Biélorussie
42%
Hongrie
42%
Monaco
42%
Guatemala
41%
Serbie
41%
Soudan
41%
Laos
40%
Nigeria
40%
Slovaquie
40%
Slovénie
40%
Nicaragua
39%
Salvador
39%
Albanie
38%
Arabie Saoudite
38%
Corée du Sud
38%
Népal
38%
Suriname
38%
Croatie
37%
Luxembourg
37%
Malte
37%
Thaïlande
37%
Kosovo
36%
Bulgarie
35%
Guyana
35%
Nouvelle-Zélande
35%
Oman
35%
Vatican
35%
Yémen
35%
Saint-Marin
34%
Syrie
34%
Tchèquie
34%
Bosnie-Herzégovine
33%
Corée du Nord
33%
Macédoine
33%
Moldavie
33%
Tchad
33%
Haïti
32%
Liban
32%
Sénégal
32%
Viêt Nam
32%
Afghanistan
31%
Angola
31%
Chypre
31%
Bhoutan
30%
Israël
30%
Malaisie
30%
Philippines
30%
Togo
30%
Ghana
29%
Monténégro
29%
Qatar
29%
Jamaïque
28%
Birmanie
27%
Mauritanie
27%
Somalie
27%
Tanzanie
27%
Bahamas
26%
Éthiopie
26%
Guinée
26%
Jordanie
26%
Kenya
26%
Taïwan
26%
Arménie
25%
Bangladesh
25%
Cambodge
25%
Namibie
24%
Soudan du Sud
24%
Cameroun
23%
Émirats arabes unis
23%
Liechtenstein
23%
Sri Lanka
23%
Bahreïn
22%
Gabon
22%
Koweït
22%
Ouzbékistan
22%
Barbade
21%
Bénin
21%
Dominique
21%
Fidji
21%
Géorgie
21%
Madagascar
21%
Ouganda
21%
Tonga
21%
Zambie
21%
Singapour
20%
Brunei
19%
Gambie
19%
Grenade
19%
Lesotho
18%
Malawi
18%
Sainte-Lucie
18%
Samoa
18%
Turkménistan
18%
Azerbaïdjan
17%
Cabo-Verde
17%
Côte d'Ivoire
17%
Érythrée
17%
Nauru
17%
Antigua-et-Barbuda
16%
Comores
16%
Kiribati
16%
Maldives
16%
Palaos
16%
République
Centrafricaine
16%
République
dominicaine
16%
Rwanda
16%
Saint-Christophe-
et-Niévès
16%
Saint-Vincent-et-
les-Grenadines
16%
Seychelles
16%
Tadjikistan
16%
Trinité-et-Tobago
16%
Botswana
15%
Djibouti
15%
Kirghizistan
15%
Mozambique
15%
Papouasie-
Nouvelle-
Guinée
15%
Tuvalu
15%
Vanuatu
15%
Burkina Faso
14%
Liberia
14%
Burundi
13%
Guinée-Bissau
13%
Île Maurice
13%
Îles Marshall
13%
Micronésie
13%
Salomon
13%
São Tomé-
et-Príncipe
13%
Zimbabwe
13%
Swaziland
11%
Timor-Leste
11%
Guinée équatoriale
10%
Sierra Leone
10%

Distribution des résultats

Percentile par nombre de réponses

% des personnes avec chaque résultat

Votre développement - résultats

Vous n’avez pas pris ce quiz